[Event "DSJ Weihnachtsturnier U20 2020"]
[Site "https://play.chessbase.com/en/play?room=DSJWeihnachtU20"]
[Date "2020.12.29"]
[Round "5"]
[White "Schulz, Maximilian"]
[Black "Benz, Leon"]
[Result "1-0"]
[Termination "normal"]
[Board "18.2"]
[WhiteElo "1629"]
[BlackElo "1639"]
[WhiteTeam "Barnimer Schachfreunde im SV Stahl Finow"]
[BlackTeam "Schachfreunde 1974 Heinsberg"]
[PlyCount "81"]
[WhiteFideId "16221397"]
[BlackFideId "16294602"]
[EventRounds "7"]
[EventType "team-swiss"]
[EventDate "2020.12.29"]

1. c4 {[%emt 0:00:14]} e5 {[%emt 0:00:03]} 2. Nc3 {[%emt 0:00:03]} Nc6 { [%emt
0:00:01]} 3. g3 {[%emt 0:00:23]} f5 {[%emt 0:00:07]} 4. e3 {[%emt 0:00:09]} Nf6
{[%emt 0:00:18]} 5. Bg2 {[%emt 0:00:04]} Nb4 {[%emt 0:00:48]} 6. d4 { [%emt
0:00:39]} e4 {[%emt 0:00:10]} 7. Bf1 {[%emt 0:00:29]} d5 {[%emt 0:00:05]} 8. a3
{[%emt 0:00:10]} Nc6 {[%emt 0:00:16]} 9. cxd5 {[%emt 0:00:25]} Nxd5 { [%emt
0:00:02]} 10. Bb5 {[%emt 0:00:14]} Be6 {[%emt 0:00:50]} 11. Nge2 { [%emt
0:00:36]} Bd6 {[%emt 0:00:13]} 12. Nxd5 {[%emt 0:00:24]} Bxd5 {[%emt 0:00:03]}
13. Nc3 {[%emt 0:00:02]} Be6 {[%emt 0:00:07]} 14. d5 {[%emt 0:00:12]} Bd7
{[%emt 0:00:50]} 15. dxc6 {[%emt 0:00:08]} bxc6 {[%emt 0:00:00]} 16. Bc4 {
[%emt 0:00:06]} Qf6 {[%emt 0:00:15]} 17. Qh5+ {[%emt 0:00:23]} g6 {[%emt
0:00:09]} 18. Qe2 {[%emt 0:00:04]} Be6 {[%emt 0:00:05]} 19. Bd2 {[%emt
0:00:23]} Rb8 {[%emt 0:00:52]} 20. Rb1 {[%emt 0:00:27]} Be5 {[%emt 0:00:14]}
21. O-O { [%emt 0:01:27]} O-O {[%emt 0:00:32]} 22. f3 {[%emt 0:00:42]} exf3
{[%emt 0:00:19]} 23. Bxe6+ {[%emt 0:00:14]} Qxe6 {[%emt 0:00:06]} 24. Qxf3
{[%emt 0:00:04]} Rfd8 {[%emt 0:00:01]} 25. Rfd1 {[%emt 0:00:22]} Rd7 {[%emt
0:00:29]} 26. e4 { [%emt 0:00:35]} Rbd8 {[%emt 0:00:52]} 27. Be3 {[%emt
0:00:39]} fxe4 {[%emt 0:00:16]} 28. Qxe4 {[%emt 0:00:20]} Qe7 {[%emt 0:00:37]}
29. Rxd7 {[%emt 0:00:07] } Rxd7 {[%emt 0:00:03]} 30. Qc4+ {[%emt 0:00:45]} Kg7
{[%emt 0:00:14]} 31. Rd1 {[%emt 0:00:01]} Bxc3 {[%emt 0:00:18]} 32. Qxc3+
{[%emt 0:00:01]} Kg8 {[%emt 0:00:13]} 33. Rxd7 {[%emt 0:00:02]} Qxd7 {[%emt
0:00:04]} 34. Qc4+ {[%emt 0:00:01]} Kf8 {[%emt 0:00:07]} 35. Bf4 {[%emt
0:00:05]} Qd1+ {[%emt 0:00:08]} 36. Kg2 {[%emt 0:00:01]} Qd7 {[%emt 0:00:13]}
37. Qc5+ {[%emt 0:00:01]} Kf7 { [%emt 0:00:05]} 38. Qc4+ {[%emt 0:00:02]} Kf6
{[%emt 0:00:02]} 39. Qc3+ { [%emt 0:00:02]} Kf5 {[%emt 0:00:02]} 40. Qe5+
{[%emt 0:00:01]} Kg4 {[%emt 0:00:06]} 41. h3# {[%emt 0:00:01]} 1-0

[Event "DSJ Weihnachtsturnier U20 2020"]
[Site "https://play.chessbase.com/en/play?room=DSJWeihnachtU20"]
[Date "2020.12.29"]
[Round "5"]
[White "Hoffknecht, Philipp"]
[Black "Hamm, Oliver"]
[Result "0-1"]
[Termination "normal"]
[Board "18.3"]
[WhiteElo "1575"]
[BlackElo "1548"]
[WhiteTeam "Schachfreunde 1974 Heinsberg"]
[BlackTeam "Barnimer Schachfreunde im SV Stahl Finow"]
[PlyCount "74"]
[WhiteFideId "16294629"]
[BlackFideId "12999016"]
[EventRounds "7"]
[EventType "team-swiss"]
[EventDate "2020.12.29"]

1. e4 {[%emt 0:00:12]} c5 {[%emt 0:00:33]} 2. d4 {[%emt 0:00:04]} cxd4 { [%emt
0:00:13]} 3. c3 {[%emt 0:00:03]} dxc3 {[%emt 0:00:10]} 4. Nxc3 {[%emt 0:00:03]}
Nc6 {[%emt 0:00:02]} 5. Bc4 {[%emt 0:00:03]} e6 {[%emt 0:00:06]} 6. Nf3 {[%emt
0:00:02]} Nf6 {[%emt 0:00:13]} 7. O-O {[%emt 0:00:11]} d6 {[%emt 0:01:23]} 8.
Re1 {[%emt 0:00:27]} Be7 {[%emt 0:00:30]} 9. e5 {[%emt 0:00:10]} Nxe5 { [%emt
0:00:23]} 10. Nxe5 {[%emt 0:00:08]} dxe5 {[%emt 0:00:22]} 11. Qxd8+ { [%emt
0:00:04]} Bxd8 {[%emt 0:00:01]} 12. Rxe5 {[%emt 0:00:05]} Bc7 {[%emt 0:00:05]}
13. Rc5 {[%emt 0:00:18]} Bd6 {[%emt 0:00:02]} 14. Rb5 {[%emt 0:00:38]} b6
{[%emt 0:00:22]} 15. Be3 {[%emt 0:00:14]} Ba6 {[%emt 0:00:31]} 16. Rd1 { [%emt
0:00:14]} Be7 {[%emt 0:00:23]} 17. a3 {[%emt 0:00:57]} O-O {[%emt 0:00:14]} 18.
Bb3 {[%emt 0:01:46]} Bxb5 {[%emt 0:00:16]} 19. Nxb5 {[%emt 0:00:01]} Rfd8
{[%emt 0:00:03]} 20. Rc1 {[%emt 0:00:31]} Nd5 {[%emt 0:00:27]} 21. Bd2 { [%emt
0:00:45]} Bc5 {[%emt 0:00:44]} 22. Bg5 {[%emt 0:00:59]} Rdc8 {[%emt 0:00:45]}
23. Re1 {[%emt 0:00:41]} h6 {[%emt 0:00:29]} 24. Bh4 {[%emt 0:00:08]} a6 {
[%emt 0:00:04]} 25. Nc3 {[%emt 0:00:40]} Nxc3 {[%emt 0:00:02]} 26. bxc3 { [%emt
0:00:02]} Bxa3 {[%emt 0:00:26]} 27. h3 {[%emt 0:00:21]} g5 {[%emt 0:00:14]} 28.
Bg3 {[%emt 0:00:04]} Rxc3 {[%emt 0:00:09]} 29. Bd1 {[%emt 0:00:16]} Rc1 {[%emt
0:00:11]} 30. f4 {[%emt 0:00:20]} Bb4 {[%emt 0:00:09]} 31. Rf1 { [%emt
0:00:07]} Bc5+ {[%emt 0:00:11]} 32. Kh2 {[%emt 0:00:08]} Rd8 {[%emt 0:00:09]}
33. fxg5 {[%emt 0:00:11]} Rdxd1 {[%emt 0:00:07]} 34. gxh6 {[%emt 0:00:07]} Rxf1
{[%emt 0:00:06]} 35. Be5 {[%emt 0:00:02]} Bf2 {[%emt 0:00:10]} 36. h7+ { [%emt
0:00:02]} Kxh7 {[%emt 0:00:02]} 37. h4 {[%emt 0:00:03]} Rh1# {[%emt 0:00:03]}
0-1

[Event "DSJ Weihnachtsturnier U20 2020"]
[Site "https://play.chessbase.com/en/play?room=DSJWeihnachtU20"]
[Date "2020.12.29"]
[Round "5"]
[White "Mehlhorn, David"]
[Black "Weidner, Markus"]
[Result "0-1"]
[Termination "normal"]
[Board "19.1"]
[WhiteElo "1511"]
[BlackElo "1667"]
[WhiteTeam "SGem Aschheim/Feldkirchen/Kirchheim"]
[BlackTeam "SV Dresden-Striesen 1990"]
[PlyCount "172"]
[WhiteFideId "34607757"]
[BlackFideId "16236920"]
[EventRounds "7"]
[EventType "team-swiss"]
[EventDate "2020.12.29"]

1. e4 {[%emt 0:00:01]} c5 {[%emt 0:00:02]} 2. Nf3 {[%emt 0:00:02]} Nc6 { [%emt
0:00:04]} 3. Bc4 {[%emt 0:00:01]} e6 {[%emt 0:00:02]} 4. O-O {[%emt 0:00:02]}
a6 {[%emt 0:00:06]} 5. d4 {[%emt 0:00:02]} cxd4 {[%emt 0:00:03]} 6. Nxd4 {
[%emt 0:00:00]} Bc5 {[%emt 0:00:09]} 7. Be3 {[%emt 0:00:09]} Qb6 {[%emt
0:00:22]} 8. Nxc6 {[%emt 0:00:14]} Bxe3 {[%emt 0:00:21]} 9. fxe3 {[%emt
0:00:22]} Qxe3+ {[%emt 0:00:02]} 10. Kh1 {[%emt 0:00:01]} bxc6 {[%emt 0:00:04]}
11. Nc3 { [%emt 0:00:26]} Ne7 {[%emt 0:00:10]} 12. Qd6 {[%emt 0:00:10]} Qg5
{[%emt 0:00:16]} 13. e5 {[%emt 0:00:13]} Ng6 {[%emt 0:00:42]} 14. Ne4 {[%emt
0:00:27]} Qxe5 {[%emt 0:00:12]} 15. Qxe5 {[%emt 0:02:32]} Nxe5 {[%emt 0:00:02]}
16. Nd6+ { [%emt 0:00:48]} Ke7 {[%emt 0:00:04]} 17. Rad1 {[%emt 0:00:01]} f6
{[%emt 0:00:11]} 18. Be2 {[%emt 0:00:06]} a5 {[%emt 0:00:10]} 19. c4 {[%emt
0:00:04]} c5 { [%emt 0:00:09]} 20. Bf3 {[%emt 0:00:10]} Ra6 {[%emt 0:00:02]}
21. Nxc8+ { [%emt 0:00:05]} Rxc8 {[%emt 0:00:05]} 22. Bb7 {[%emt 0:00:01]} Rac6
{[%emt 0:00:10]} 23. Bxc8 {[%emt 0:00:02]} Rxc8 {[%emt 0:00:02]} 24. b3 {[%emt
0:00:01]} Nc6 {[%emt 0:00:17]} 25. Rf3 {[%emt 0:00:09]} Nd4 {[%emt 0:00:03]}
26. Rh3 { [%emt 0:00:03]} h6 {[%emt 0:00:07]} 27. Rh5 {[%emt 0:00:12]} d6
{[%emt 0:00:14] } 28. Rh4 {[%emt 0:00:05]} Nf5 {[%emt 0:00:11]} 29. Rf4 {[%emt
0:00:05]} g5 { [%emt 0:00:14]} 30. Rf2 {[%emt 0:00:04]} h5 {[%emt 0:00:10]} 31.
Re1 {[%emt 0:00:06]} Nd4 {[%emt 0:00:08]} 32. Ref1 {[%emt 0:00:04]} Rf8 {[%emt
0:00:04]} 33. h3 {[%emt 0:00:03]} h4 {[%emt 0:00:14]} 34. Kh2 {[%emt 0:00:07]}
Nf5 {[%emt 0:00:05]} 35. Rxf5 {[%emt 0:00:28]} exf5 {[%emt 0:00:02]} 36. Rxf5
{[%emt 0:00:00]} Ke6 {[%emt 0:00:02]} 37. Rd5 {[%emt 0:00:09]} f5 {[%emt
0:00:12]} 38. g3 { [%emt 0:00:02]} hxg3+ {[%emt 0:00:02]} 39. Kxg3 {[%emt
0:00:00]} Rh8 {[%emt 0:00:04]} 40. a3 {[%emt 0:00:07]} Rh4 {[%emt 0:00:06]} 41.
Rd3 {[%emt 0:00:11]} f4+ {[%emt 0:00:16]} 42. Kf2 {[%emt 0:00:06]} g4 {[%emt
0:00:05]} 43. hxg4 { [%emt 0:00:01]} Rxg4 {[%emt 0:00:02]} 44. Rh3 {[%emt
0:00:01]} Ke5 {[%emt 0:00:16]} 45. Rh5+ {[%emt 0:00:11]} Ke4 {[%emt 0:00:05]}
46. Rh6 {[%emt 0:00:09]} Rg3 {[%emt 0:00:01]} 47. Re6+ {[%emt 0:00:09]} Kf5
{[%emt 0:00:04]} 48. Rxd6 { [%emt 0:00:05]} Rxb3 {[%emt 0:00:04]} 49. a4 {[%emt
0:00:10]} Ke4 {[%emt 0:00:09]} 50. Rd5 {[%emt 0:00:03]} Rb2+ {[%emt 0:00:02]}
51. Kg1 {[%emt 0:00:10]} Kf3 {[%emt 0:00:14]} 52. Rxc5 {[%emt 0:00:03]} Rb1+
{[%emt 0:00:03]} 53. Kh2 { [%emt 0:00:01]} Rb4 {[%emt 0:00:18]} 54. Rxa5 {[%emt
0:00:11]} Rxc4 {[%emt 0:00:01]} 55. Ra8 {[%emt 0:00:04]} Rc7 {[%emt 0:00:07]}
56. a5 {[%emt 0:00:05]} Kf2 {[%emt 0:00:01]} 57. Kh3 {[%emt 0:00:04]} f3 {[%emt
0:00:02]} 58. a6 { [%emt 0:00:09]} Kg1 {[%emt 0:00:12]} 59. Rg8+ {[%emt
0:00:15]} Kf2 {[%emt 0:00:02]} 60. Ra8 {[%emt 0:00:05]} Rh7+ {[%emt 0:00:08]}
61. Kg4 {[%emt 0:00:02]} Kg2 {[%emt 0:00:07]} 62. Rb8 {[%emt 0:00:21]} f2
{[%emt 0:00:02]} 63. Rb2 { [%emt 0:00:01]} Kg1 {[%emt 0:00:03]} 64. Ra2 {[%emt
0:00:27]} f1=Q {[%emt 0:00:03]} 65. a7 {[%emt 0:00:01]} Rxa7 {[%emt 0:00:05]}
66. Rxa7 {[%emt 0:00:05]} Qg2+ {[%emt 0:00:05]} 67. Kh5 {[%emt 0:00:08]
Aschhm1-001 offers a draw} Qf3+ { [%emt 0:01:22]} 68. Kg6 {[%emt 0:00:05]} Qd5
{[%emt 0:00:46]} 69. Rg7 {[%emt 0:00:07]} Kf2 {[%emt 0:00:04]} 70. Kh7 {[%emt
0:00:14]} Kf3 {[%emt 0:00:04]} 71. Rg6 {[%emt 0:00:09]} Qh5+ {[%emt 0:00:08]}
72. Kg7 {[%emt 0:00:04]} Qe5+ { [%emt 0:00:07]} 73. Rf6+ {[%emt 0:00:02]} Kg4
{[%emt 0:00:04]} 74. Kf7 { [%emt 0:00:01]} Kg5 {[%emt 0:00:07]} 75. Re6 {[%emt
0:00:14]} Qc7+ {[%emt 0:00:05]} 76. Ke8 {[%emt 0:00:04]} Kf5 {[%emt 0:00:07]}
77. Re7 {[%emt 0:00:01]} Qd6 {[%emt 0:00:05]} 78. Rd7 {[%emt 0:00:05]} Qc6
{[%emt 0:00:03]} 79. Kd8 { [%emt 0:00:02]} Ke6 {[%emt 0:00:22]} 80. Rc7 {[%emt
0:00:01]} Qa8+ {[%emt 0:00:23]} 81. Rc8 {[%emt 0:00:03]} Qa5+ {[%emt 0:00:03]}
82. Ke8 {[%emt 0:00:05]} Qa7 {[%emt 0:00:15]} 83. Rc6+ {[%emt 0:00:06]} Kd5
{[%emt 0:00:02]} 84. Rc8 { [%emt 0:00:01]} Kd6 {[%emt 0:00:05]} 85. Rd8+ {[%emt
0:00:21]} Ke6 {[%emt 0:00:02]} 86. Kf8 {[%emt 0:00:01]} Qf7# {[%emt 0:00:01]}
0-1

[Event "DSJ Weihnachtsturnier U20 2020"]
[Site "https://play.chessbase.com/en/play?room=DSJWeihnachtU20"]
[Date "2020.12.29"]
[Round "5"]
[White "Jessen, Mathilde"]
[Black "El Sewisy, Aiman"]
[Result "0-1"]
[Termination "normal"]
[Board "19.4"]
[WhiteElo "1156"]
[BlackElo "893"]
[WhiteTeam "SV Dresden-Striesen 1990"]
[BlackTeam "SGem Aschheim/Feldkirchen/Kirchheim"]
[PlyCount "52"]
[WhiteFideId "16240340"]
[BlackFideId "34607803"]
[EventRounds "7"]
[EventType "team-swiss"]
[EventDate "2020.12.29"]

1. e4 {[%emt 0:00:05]} c5 {[%emt 0:00:02]} 2. Nf3 {[%emt 0:00:04]} Nc6 { [%emt
0:00:03]} 3. b3 {[%emt 0:00:14]} g6 {[%emt 0:00:10]} 4. Bb2 {[%emt 0:00:04]}
Nf6 {[%emt 0:00:08]} 5. e5 {[%emt 0:00:36]} Nh5 {[%emt 0:00:49]} 6. e6 { [%emt
0:00:23]} f6 {[%emt 0:00:25]} 7. exd7+ {[%emt 0:00:17]} Bxd7 {[%emt 0:00:12]}
8. Bc4 {[%emt 0:00:05]} Qc7 {[%emt 0:00:44]} 9. Qe2 {[%emt 0:00:26]} O-O-O
{[%emt 0:00:18]} 10. O-O {[%emt 0:00:11]} Bf5 {[%emt 0:00:08]} 11. d3 {[%emt
0:00:12]} Bg4 {[%emt 0:00:48]} 12. Be6+ {[%emt 0:00:18]} Bxe6 {[%emt 0:00:11]}
13. Qxe6+ {[%emt 0:00:03]} Kb8 {[%emt 0:00:12]} 14. Ng5 {[%emt 0:00:20]} Nb4 {
[%emt 0:02:11]} 15. Rc1 {[%emt 0:01:07]} Rd6 {[%emt 0:00:33]} 16. Qe2 {[%emt
0:00:40]} e5 {[%emt 0:00:32]} 17. Nf3 {[%emt 0:00:21]} Qd7 {[%emt 0:00:17]} 18.
a3 {[%emt 0:00:09]} Nd5 {[%emt 0:00:18]} 19. Nc3 {[%emt 0:00:44]} Ndf4 { [%emt
0:00:21]} 20. Qf1 {[%emt 0:00:14]} Qg4 {[%emt 0:00:13]} 21. Ne2 {[%emt
0:00:49]} Nxe2+ {[%emt 0:00:37]} 22. Qxe2 {[%emt 0:00:06]} Nf4 {[%emt 0:00:06]}
23. Qf1 {[%emt 0:00:03]} h5 {[%emt 0:00:09]} 24. Re1 {[%emt 0:00:36]} h4 {
[%emt 0:00:45]} 25. Nxh4 {[%emt 0:00:29]} Qxh4 {[%emt 0:00:16]} 26. Re4 { [%emt
0:00:20]} Qxh2# {[%emt 0:00:05]} 0-1

[Event "DSJ Weihnachtsturnier U20 2020"]
[Site "https://play.chessbase.com/en/play?room=DSJWeihnachtU20"]
[Date "2020.12.29"]
[Round "5"]
[White "Poggemann, Alexander"]
[Black "Scheuer, Adrian"]
[Result "1-0"]
[Termination "normal"]
[Board "20.1"]
[WhiteElo "1813"]
[BlackElo "1600"]
[WhiteTeam "Schachverein Hemer 1932 2"]
[BlackTeam "SC 1948 Ersingen"]
[PlyCount "95"]
[WhiteFideId "16224167"]
[BlackFideId "34673741"]
[EventRounds "7"]
[EventType "team-swiss"]
[EventDate "2020.12.29"]

1. e4 {[%emt 0:00:03]} c5 {[%emt 0:00:05]} 2. c3 {[%emt 0:00:03]} g6 {[%emt
0:00:11]} 3. Nf3 {[%emt 0:00:02]} Bg7 {[%emt 0:00:03]} 4. d4 {[%emt 0:00:01]}
cxd4 {[%emt 0:00:02]} 5. cxd4 {[%emt 0:00:01]} e6 {[%emt 0:00:03]} 6. Nc3 {
[%emt 0:00:01]} Ne7 {[%emt 0:00:02]} 7. Bb5 {[%emt 0:00:04]} a6 {[%emt 0:00:03]
} 8. Ba4 {[%emt 0:00:01]} O-O {[%emt 0:00:03]} 9. O-O {[%emt 0:00:01]} d5 {
[%emt 0:00:28]} 10. e5 {[%emt 0:00:11]} Bd7 {[%emt 0:00:16]} 11. Bg5 {[%emt
0:00:11]} h6 {[%emt 0:00:15]} 12. Be3 {[%emt 0:00:03]} Qe8 {[%emt 0:00:16]} 13.
Bc2 {[%emt 0:00:13]} Nbc6 {[%emt 0:00:05]} 14. Qd2 {[%emt 0:00:02]} Nf5 { [%emt
0:00:05]} 15. Bxf5 {[%emt 0:00:09]} exf5 {[%emt 0:00:02]} 16. Bxh6 { [%emt
0:00:02]} Be6 {[%emt 0:00:37]} 17. Qg5 {[%emt 0:00:21]} Qe7 {[%emt 0:00:11]}
18. Qxe7 {[%emt 0:00:12]} Nxe7 {[%emt 0:00:00]} 19. Bxg7 {[%emt 0:00:01]} Kxg7
{[%emt 0:00:02]} 20. Rac1 {[%emt 0:00:10]} f4 {[%emt 0:00:10]} 21. Ne2 { [%emt
0:00:08]} Nc6 {[%emt 0:01:06]} 22. Nxf4 {[%emt 0:00:06]} g5 {[%emt 0:00:26]}
23. Nxg5 {[%emt 0:00:16]} Nxd4 {[%emt 0:00:28]} 24. Rc7 {[%emt 0:00:09]} Kh6
{[%emt 0:00:14]} 25. Ngxe6 {[%emt 0:00:14]} fxe6 {[%emt 0:00:08]} 26. g3 {
[%emt 0:00:32]} Kg5 {[%emt 0:01:07]} 27. Rfc1 {[%emt 0:00:34]} Rxf4 {[%emt
0:00:12]} 28. gxf4+ {[%emt 0:00:03]} Kxf4 {[%emt 0:00:01]} 29. Rf7+ {[%emt
0:00:11]} Kxe5 {[%emt 0:00:05]} 30. f4+ {[%emt 0:00:05]} Ke4 {[%emt 0:00:46]}
31. Kf2 {[%emt 0:00:04]} Rh8 {[%emt 0:00:06]} 32. Re1+ {[%emt 0:00:24]} Kd3 {
[%emt 0:00:02]} 33. Re3+ {[%emt 0:00:02]} Kd2 {[%emt 0:00:15]} 34. h3 {[%emt
0:00:06]} Rc8 {[%emt 0:01:27]} 35. Rxb7 {[%emt 0:00:11]} Rc2 {[%emt 0:00:22]}
36. Rc3 {[%emt 0:00:10]} Rxb2 {[%emt 0:00:22]} 37. Rxb2+ {[%emt 0:00:22]} Kxc3
{ [%emt 0:00:01]} 38. Rb6 {[%emt 0:00:01]} a5 {[%emt 0:00:09]} 39. h4 {[%emt
0:00:19]} Nf5 {[%emt 0:00:09]} 40. h5 {[%emt 0:00:04]} d4 {[%emt 0:00:03]} 41.
Rxe6 {[%emt 0:00:05]} d3 {[%emt 0:00:02]} 42. h6 {[%emt 0:00:06]} d2 {[%emt
0:00:03]} 43. Ke2 {[%emt 0:00:10]} Nd4+ {[%emt 0:00:04]} 44. Kd1 {[%emt
0:00:02]} Nxe6 {[%emt 0:00:15]} 45. h7 {[%emt 0:00:15]} Nxf4 {[%emt 0:00:15]}
46. h8=Q+ { [%emt 0:00:03]} Kd3 {[%emt 0:00:01]} 47. Qd8+ {[%emt 0:00:08]} Ke3
{[%emt 0:00:02]} 48. Qxa5 {[%emt 0:00:02]} 1-0

[Event "DSJ Weihnachtsturnier U20 2020"]
[Site "https://play.chessbase.com/en/play?room=DSJWeihnachtU20"]
[Date "2020.12.29"]
[Round "5"]
[White "Förster, Fabio"]
[Black "Mai, Artur"]
[Result "0-1"]
[Termination "normal"]
[Board "20.2"]
[WhiteElo "1602"]
[BlackElo "1737"]
[WhiteTeam "SC 1948 Ersingen"]
[BlackTeam "Schachverein Hemer 1932 2"]
[PlyCount "78"]
[WhiteFideId "16297571"]
[BlackFideId "16206851"]
[EventRounds "7"]
[EventType "team-swiss"]
[EventDate "2020.12.29"]

1. c4 {[%emt 0:00:05]} e6 {[%emt 0:00:01]} 2. d4 {[%emt 0:00:03]} d5 {[%emt
0:00:00]} 3. cxd5 {[%emt 0:00:11]} exd5 {[%emt 0:00:00]} 4. Nc3 {[%emt
0:00:03]} Nf6 {[%emt 0:00:01]} 5. Nf3 {[%emt 0:00:08]} h6 {[%emt 0:00:06]} 6.
h3 { [%emt 0:00:18]} Bd6 {[%emt 0:00:02]} 7. e3 {[%emt 0:00:05]} O-O {[%emt
0:00:01] } 8. Bd3 {[%emt 0:00:02]} Re8 {[%emt 0:00:05]} 9. O-O {[%emt 0:00:04]}
Ne4 { [%emt 0:00:03]} 10. Nxd5 {[%emt 0:00:32]} Bh2+ {[%emt 0:00:02]} 11. Nxh2
{ [%emt 0:00:06]} Qxd5 {[%emt 0:00:00]} 12. Qf3 {[%emt 0:00:18]} Nf6 {[%emt
0:00:31]} 13. Qxd5 {[%emt 0:00:10]} Nxd5 {[%emt 0:00:00]} 14. Bc4 {[%emt
0:00:01]} Nb6 {[%emt 0:00:04]} 15. b3 {[%emt 0:00:08]} Nxc4 {[%emt 0:00:08]}
16. bxc4 { [%emt 0:00:00]} c5 {[%emt 0:00:18]} 17. d5 {[%emt 0:00:12]} Re4
{[%emt 0:00:02] } 18. Rd1 {[%emt 0:00:32]} Rxc4 {[%emt 0:00:02]} 19. Bb2 {[%emt
0:00:20]} Rc2 { [%emt 0:00:46]} 20. Ba3 {[%emt 0:00:24]} Na6 {[%emt 0:00:13]}
21. d6 {[%emt 0:00:17]} Bd7 {[%emt 0:00:07]} 22. Nf3 {[%emt 0:00:07]} b5 {[%emt
0:00:16]} 23. Rd2 {[%emt 0:00:28]} Rxd2 {[%emt 0:00:18]} 24. Nxd2 {[%emt
0:00:00]} f6 { [%emt 0:00:06]} 25. Ne4 {[%emt 0:00:11]} b4 {[%emt 0:00:04]} 26.
Bb2 {[%emt 0:00:05]} Kf7 {[%emt 0:00:02]} 27. Rc1 {[%emt 0:00:10]} Rc8 {[%emt
0:00:05]} 28. Kf1 {[%emt 0:00:17]} Ke6 {[%emt 0:00:18]} 29. Ke2 {[%emt
0:00:19]} f5 {[%emt 0:01:36]} 30. Nd2 {[%emt 0:00:31]} Bb5+ {[%emt 0:00:19]}
31. Kf3 {[%emt 0:00:14]} g6 {[%emt 0:00:28]} 32. g4 {[%emt 0:00:48]} fxg4+
{[%emt 0:00:19]} 33. hxg4 { [%emt 0:00:00]} c4 {[%emt 0:00:26]} 34. Ne4 {[%emt
0:00:36]} c3 {[%emt 0:00:14] } 35. Ba1 {[%emt 0:00:43]} Bc6 {[%emt 0:00:04]}
36. a3 {[%emt 0:01:17]} Rf8+ { [%emt 0:00:09]} 37. Ke2 {[%emt 0:00:02]} Bxe4
{[%emt 0:00:03]} 38. axb4 { [%emt 0:00:05]} Nxb4 {[%emt 0:00:30]} 39. Bxc3
{[%emt 0:00:25]} Na2 {[%emt 0:00:13]} 0-1

[Event "DSJ Weihnachtsturnier U20 2020"]
[Site "https://play.chessbase.com/en/play?room=DSJWeihnachtU20"]
[Date "2020.12.29"]
[Round "5"]
[White "Ruff, Korbinian"]
[Black "Weidenhöfer, Max"]
[Result "0-1"]
[Termination "normal"]
[Board "21.1"]
[WhiteElo "1469"]
[BlackElo "1763"]
[WhiteTeam "SGem Aschheim/Feldkirchen/Kirchheim 2"]
[BlackTeam "TuS Varrel"]
[PlyCount "82"]
[WhiteFideId "34607838"]
[BlackFideId "16230566"]
[EventRounds "7"]
[EventType "team-swiss"]
[EventDate "2020.12.29"]

1. d4 {[%emt 0:00:07]} d5 {[%emt 0:00:03]} 2. c4 {[%emt 0:00:00]} e5 {[%emt
0:00:06]} 3. dxe5 {[%emt 0:00:03]} d4 {[%emt 0:00:01]} 4. Nf3 {[%emt 0:00:02]}
Nc6 {[%emt 0:00:01]} 5. e3 {[%emt 0:00:03]} Bb4+ {[%emt 0:00:06]} 6. Bd2 {
[%emt 0:00:07]} dxe3 {[%emt 0:00:05]} 7. fxe3 {[%emt 0:00:03]} Bxd2+ {[%emt
0:00:25]} 8. Qxd2 {[%emt 0:00:10]} Bg4 {[%emt 0:00:14]} 9. Nd4 {[%emt 0:00:07]}
Nxe5 {[%emt 0:00:10]} 10. Bd3 {[%emt 0:00:30]} c5 {[%emt 0:00:31]} 11. Bf5 {
[%emt 0:00:57]} cxd4 {[%emt 0:00:08]} 12. exd4 {[%emt 0:00:09]} Bxf5 {[%emt
0:00:08]} 13. dxe5 {[%emt 0:00:01]} Qxd2+ {[%emt 0:00:02]} 14. Kxd2 {[%emt
0:00:00]} O-O-O+ {[%emt 0:00:01]} 15. Ke3 {[%emt 0:00:01]} Ne7 {[%emt 0:00:06]}
16. Nc3 {[%emt 0:00:01]} Be6 {[%emt 0:00:04]} 17. Nb5 {[%emt 0:00:04]} Nf5+ {
[%emt 0:00:20]} 18. Ke4 {[%emt 0:00:15]} Kb8 {[%emt 0:00:08]} 19. g4 {[%emt
0:00:11]} Ne7 {[%emt 0:00:10]} 20. Nd6 {[%emt 0:00:10]} Nc8 {[%emt 0:00:02]}
21. c5 {[%emt 0:00:04]} Nxd6+ {[%emt 0:00:09]} 22. exd6 {[%emt 0:00:00]} b6 {
[%emt 0:00:04]} 23. b4 {[%emt 0:00:03]} Bxg4 {[%emt 0:00:13]} 24. Rhg1 { [%emt
0:00:03]} f5+ {[%emt 0:00:24]} 25. Kd5 {[%emt 0:00:03]} g6 {[%emt 0:00:11]} 26.
c6 {[%emt 0:00:24]} Bf3+ {[%emt 0:00:03]} 27. Ke5 {[%emt 0:00:19]} Bxc6 {[%emt
0:00:04]} 28. Rad1 {[%emt 0:00:02]} Rhe8+ {[%emt 0:00:09]} 29. Kf6 {[%emt
0:00:05]} Bd7 {[%emt 0:00:06]} 30. Rc1 {[%emt 0:00:06]} Re6+ {[%emt 0:00:03]}
31. Kg5 {[%emt 0:00:03]} Rxd6 {[%emt 0:00:02]} 32. Rgd1 {[%emt 0:00:03] } Ba4
{[%emt 0:00:10]} 33. Rxd6 {[%emt 0:00:06]} Rxd6 {[%emt 0:00:00]} 34. Re1 {[%emt
0:00:03]} Rd2 {[%emt 0:00:05]} 35. h4 {[%emt 0:00:03]} Rg2+ {[%emt 0:00:04]}
36. Kf6 {[%emt 0:00:03]} f4 {[%emt 0:00:08]} 37. Re7 {[%emt 0:00:05]} f3 {
[%emt 0:00:03]} 38. Rxh7 {[%emt 0:00:04]} f2 {[%emt 0:00:01]} 39. Rh8+ { [%emt
0:00:04]} Kb7 {[%emt 0:00:01]} 40. Kg7 {[%emt 0:00:02]} f1=Q {[%emt 0:00:03]}
41. Rf8 {[%emt 0:00:03]} Qa1+ {[%emt 0:00:04] Aschhm2-001 gibt auf} 0-1